Solidarietà o Mercato? (Record no. 4215)

MARC details
000 -LEADER
campo de control de longitud fija 00319nam a2200133Ia 4500
005 - FECHA Y HORA DE LA ÚLTIMA TRANSACCIÓN
campo de control 20251222140108.0
008 - DATOS DE LONGITUD FIJA--INFORMACIÓN GENERAL
campo de control de longitud fija 251222s1900||||xx |||||||||||||| ||spa||
020 ## - NÚMERO INTERNACIONAL ESTÁNDAR DEL LIBRO
Número Internacional Estándar del Libro 8805054453
082 ## - NÚMERO DE LA CLASIFICACIÓN DECIMAL DEWEY
Número de clasificación 178/G28
100 ## - ENTRADA PRINCIPAL--NOMBRE DE PERSONA
Nombre de persona Gatti, Guido
245 #0 - MENCIÓN DEL TÍTULO
Título Solidarietà o Mercato?
264 ## - PRODUCCIÓN, PUBLICACIÓN, DISTRIBUCIÓN, FABRICACIÓN Y COPYRIGHT
Nombre del de productor, editor, distribuidor, fabricante Società Ed. Internazionale
942 ## - ELEMENTOS DE ENTRADA SECUNDARIOS (KOHA)
Tipo de ítem Koha Libros
Holdings
Estatus retirado Estado de pérdida Estado de daño No para préstamo Biblioteca de origen Biblioteca actual Ubicación en estantería Fecha de adquisición Total de préstamos Signatura topográfica completa Código de barras Visto por última vez Precio de reemplazo Tipo de ítem Koha
        Biblioteca Andrés Aziani Biblioteca Andrés Aziani Programa 22/12/2025   178/G28 0036078 22/12/2025 22/12/2025 Libros